000 00421nam a2200145Ia 4500
008 230917s9999||||xx |||||||||||||| ||und||
040 _e162270
_aMAIN
041 _aEnglish
082 _a891.43301731 SM64U
100 _aमहिप सिंह
245 0 _aउजाले के उल्लू
260 _aइलाहाबाद
_bहिन्दी भवन
_c1965
300 _a132पृ. p.
942 _cHN
999 _c209465
_d209465